Estatísticas para Presidentes do Brasil por imagem

Clique aqui para jogar o quiz

Estatísticas Gerais

  • Esse quiz foi jogado 112 vezes
  • A pontuação média é 11 de 15

Estatísticas das Respostas

Resposta% Correto
Luís Inácio Lula da Silva
98%
Getúlio Vargas
94%
Jair Bolsonaro
92%
Itamar Franco
91%
Fernando Henrique Cardoso
90%
Jânio Quadros
86%
José Sarney
84%
Juscelino Kubitschek
80%
Floriano Peixoto
76%
João Baptista Figueiredo
74%
João Goulart
59%
Ernesto Geisel
57%
Washington Luís
53%
Nilo Peçanha
48%
Epitácio Pessoa
38%

Distribuição das Pontuações

Percentil de Números Respondidos

Porcentagem de Pessoas com Cada Pontuação

Sua Pontuação Histórica

Você não jogou esse quiz